God's big picture : (Record no. 9325)
[ view plain ]
| 000 -LEADER | |
|---|---|
| fixed length control field | 00971nam a2200289Ii 4500 |
| 001 - CONTROL NUMBER | |
| control field | 60340749 |
| 003 - CONTROL NUMBER IDENTIFIER | |
| control field | OCoLC |
| 005 - DATE AND TIME OF LATEST TRANSACTION | |
| control field | 20241126110709.0 |
| 008 - FIXED-LENGTH DATA ELEMENTS--GENERAL INFORMATION | |
| fixed length control field | 050511s2002 ilua b 000 0 eng d |
| 020 ## - INTERNATIONAL STANDARD BOOK NUMBER | |
| International Standard Book Number | 0830853642 |
| 020 ## - INTERNATIONAL STANDARD BOOK NUMBER | |
| International Standard Book Number | 9781844743704 |
| 040 ## - CATALOGING SOURCE | |
| Original cataloging agency | DWT |
| Language of cataloging | eng |
| Description conventions | rda |
| Transcribing agency | DWT |
| Modifying agency | BAKER |
| 082 ## - DEWEY DECIMAL CLASSIFICATION NUMBER | |
| Classification number | 220.6 |
| Item number | ROB |
| 092 ## - LOCALLY ASSIGNED DEWEY CALL NUMBER (OCLC) | |
| Classification number | 220.6 R647g |
| 092 ## - LOCALLY ASSIGNED DEWEY CALL NUMBER (OCLC) | |
| Classification number | 220.6 |
| Item number | R54g |
| 100 1# - MAIN ENTRY--PERSONAL NAME | |
| Personal name | Roberts, Vaughan. |
| Authority record control number or standard number | http://id.loc.gov/authorities/names/nr2003022627 |
| 9 (RLIN) | 16251 |
| 245 10 - TITLE STATEMENT | |
| Title | God's big picture : |
| Remainder of title | tracing the storyline of the Bible / |
| Statement of responsibility, etc. | Vaughan Roberts. |
| 264 #1 - PRODUCTION, PUBLICATION, DISTRIBUTION, MANUFACTURE, AND COPYRIGHT NOTICE | |
| Place of production, publication, distribution, manufacture | Downers Grove, Ill. : |
| Name of producer, publisher, distributor, manufacturer | InterVarsity Press, |
| Date of production, publication, distribution, manufacture, or copyright notice | [2002] |
| 264 #4 - PRODUCTION, PUBLICATION, DISTRIBUTION, MANUFACTURE, AND COPYRIGHT NOTICE | |
| Date of production, publication, distribution, manufacture, or copyright notice | ℗♭2002 |
| 300 ## - PHYSICAL DESCRIPTION | |
| Extent | 170 pages : |
| Other physical details | illustrations ; |
| Dimensions | 21 cm |
| 336 ## - CONTENT TYPE | |
| Content type term | text |
| Content type code | txt |
| Source | rdacontent |
| 337 ## - MEDIA TYPE | |
| Media type term | unmediated |
| Media type code | n |
| Source | rdamedia |
| 338 ## - CARRIER TYPE | |
| Carrier type term | volume |
| Carrier type code | nc |
| Source | rdacarrier |
| 504 ## - BIBLIOGRAPHY, ETC. NOTE | |
| Bibliography, etc. note | Includes bibliographical references. |
| 630 00 - SUBJECT ADDED ENTRY--UNIFORM TITLE | |
| Uniform title | Bible |
| General subdivision | Theology. |
| Authority record control number or standard number | http://id.loc.gov/authorities/subjects/sh85013722 |
| 9 (RLIN) | 357 |
| 942 ## - ADDED ENTRY ELEMENTS (KOHA) | |
| Source of classification or shelving scheme | Dewey Decimal Classification |
| Koha item type | Books |
| Koha issues (borrowed), all copies | 2 |
| Withdrawn status | Lost status | Source of classification or shelving scheme | Damaged status | Not for loan | Home library | Current Library | Shelving location | Date acquired | Total checkouts | Full call number | Barcode | Date last seen | Date last checked out | Copy number | Price effective from | Koha item type |
|---|---|---|---|---|---|---|---|---|---|---|---|---|---|---|---|---|
| Dewey Decimal Classification | GRACE BIBLE COLLEGE | GRACE BIBLE COLLEGE | Biblical Studies | 2022-10-07 | 2 | 220.6 ROB | 015801 | 2025-05-01 | 2024-03-09 | c.1 | 2022-10-07 | Books |